=LDR 00000nam 2200000 4500 =001 INLIS000000000048922 =005 20200313083451 =035 ##$$a 0010-011700000000203 =008 200313################g##########0#ind## =020 ##$$a 978-979-1093-24-8 =040 ##$$a NBPDMAT =082 ##$$a 297.4 =090 ##$$a 297.4$bMus f =100 ##$$a Musthafa Diib Al-Bugha =245 1#$$a Fikih Islam lengkap : $b Penjelasan hukum - hukum islam madzhab syafi'i /$c Dr. Musthafa Diib Al-Bugha; Penerjemah, D. A. Pakihsati; editor, Tim Editor Media Zikir =260 ##$$a Solo :$b Media Zikir,$c 2009 =300 ##$$a 578 hlm ; $c 16 x 24 cm =500 ##$$a Judul Asli : At-tadzhib fi adillat matan al-dhayat wa at-taqrib al-masyhur bi matan abi syuja' fi al-fiqh asy-syafi'i =650 #4$$a Fikih =850 ##$$a NBPDMAT =084 ##$$a 297.4 MUS f =250 ##$$a cet. 1 =700 #$$a Pakihsati =990 ##$$a 21603121 =990 ##$$a 21603122 =990 ##$$a 21603123 =990 ##$$a 21603124 =990 ##$$a 21603125 =990 ##$$a 31700685 =990 ##$$a 31700686